000 00447pab a2200157 454500
008 180718b2011 xxu||||| |||| 00| 0 eng d
100 _aBiedenbach, Thomas
245 _aThe power of combinative capabilities: Facilitating the outcome of frequent innovation in pharmaceutical R&D projects
260 _c2011
300 _ap.63-80.
362 _aMar
650 _aDrugs
773 _aProject Management Journal
908 _aN
909 _a92166
999 _c92166
_d92166